Viaggio spirituale per l'uomo contemporaneo (Record n. 343320)
[ formato base ]
| 000 -LEADER | |
|---|---|
| fixed length control field | 01528nam a2200253Ia 4500 |
| 001 - CONTROL NUMBER | |
| control field | 248-NOU he vi (1694) |
| 003 - CONTROL NUMBER IDENTIFIER | |
| control field | IT-MiSPE |
| 005 - DATE AND TIME OF LATEST TRANSACTION | |
| control field | 20240628110255.0 |
| 008 - FIXED-LENGTH DATA ELEMENTS--GENERAL INFORMATION | |
| fixed length control field | 171229s9999||||xx |||||||||||||| ||und|| |
| 040 ## - CATALOGING SOURCE | |
| Original cataloging agency | IT-MiSPE |
| Transcribing agency | IT-MiSPE |
| 041 ## - LANGUAGE CODE | |
| Language code of text/sound track or separate title | ITALIANO |
| 999 ## - SYSTEM CONTROL NUMBERS (KOHA) | |
| Koha Dewey Subclass [OBSOLETE] | NO |
| 100 ## - MAIN ENTRY--PERSONAL NAME | |
| Personal name | Henri J. M. Nouwen |
| 9 (RLIN) | 34442 |
| 240 ## - UNIFORM TITLE | |
| Uniform title | Reaching out: The three Movements of the spiritual Life |
| 245 #0 - TITLE STATEMENT | |
| Title | Viaggio spirituale per l'uomo contemporaneo |
| Remainder of title | I tre movimenti della vita spirituale |
| 250 ## - EDITION STATEMENT | |
| Edition statement | 16a ed. (v) |
| 260 ## - PUBLICATION, DISTRIBUTION, ETC. (IMPRINT) | |
| Place of publication, distribution, etc. | Brescia |
| Name of publisher, distributor, etc. | Queriniana |
| Date of publication, distribution, etc. | 2018 (2023 stampa anastatica) |
| 300 ## - PHYSICAL DESCRIPTION | |
| Extent | 154 p. |
| Dimensions | 19 cm |
| 490 ## - SERIES STATEMENT | |
| Series statement | Spiritualità |
| Volume/sequential designation | 18 |
| 501 ## - WITH NOTE | |
| With note | Edizioni San Paolo srl - Piazza Soncino, 5 - 20092 CINISELLO BALSAMO (MI) (non commercial uses only) ® Copyright 2018 |
| 520 ## - SUMMARY, ETC. | |
| Summary, etc. | Questo libro risponde alla domanda: “Che cosa significa vivere la vita nello Spirito di Gesù Cristo?”. È un libro personale, un libro generato da lotte che furono e rimangono in primo luogo mie. Nel corso degli anni, tuttavia, mi è apparso sempre più chiaro che approfondendo queste lotte, rintracciandone le radici, arrivavo a un livello in cui potevo condividerle. Il libro non offre risposte o soluzioni, ma è scritto con il convincimento che la ricerca di un’autentica spiritualità cristiana è degna di sforzo e di pena, perché nel mezzo di questa ricerca si possono scorgere dei segnali che offrono speranza, coraggio e fiducia |
| 700 ## - ADDED ENTRY--PERSONAL NAME | |
| Personal name | Ada Tavianini Palieri |
| Miscellaneous information | (traduzione) |
| 9 (RLIN) | 60847 |
| 942 ## - ADDED ENTRY ELEMENTS (KOHA) | |
| Koha item type | LIBRO |
| Source of classification or shelving scheme | Dewey Decimal Classification |
| Withdrawn status | Lost status | Source of classification or shelving scheme | Damaged status | Not for loan | Home library | Current library | Date acquired | Total Checkouts | Full call number | Barcode | Date last seen | Price effective from | Koha item type | Public note |
|---|---|---|---|---|---|---|---|---|---|---|---|---|---|---|
| Dewey Decimal Classification | Buone Condizioni | Not For Loan | CINISELLO | CINISELLO | 30/12/2017 | 248-NOU he vi (1694) | 9788839913180 | 30/12/2017 | 30/12/2017 | LIBRO | (data import: 20 dicembre 2017) - By Epidotti, Vaglietti. |